000 00500pab a2200157 454500
008 180718b2004 xxu||||| |||| 00| 0 eng d
100 _aBoozer, Robert W.
245 _aTwo exercises for exploring the relationships among Jungian psychological types, organizational ideals, and organizational politics perceptions
260 _c2004
300 _ap.390-403.
362 _aJun
650 _aOrganizations
700 _aMonique, Forte
773 _aJournal of Management Education
909 _a60624
999 _c60624
_d60624